[Event "UzChess Cup Masters 2024"]
[Site "Tashkent UZB"]
[Date "2024.06.06"]
[Round "1.1"]
[White "Abdusattorov, Nodirbek"]
[Black "Maghsoodloo, Parham"]
[Result "1-0"]
[WhiteTitle "GM"]
[BlackTitle "GM"]
[WhiteElo "2766"]
[BlackElo "2733"]
[WhiteFideId "14204118"]
[BlackFideId "12539929"]
[EventDate "2024.06.06"]

1. d4 Nf6 2. Nf3 e6 3. Bf4 c5 4. e3 Nc6 5. Nbd2 h6 6. Nc4 d5 7. Nce5 Qb6 8. Rb1
Nxe5 9. Nxe5 Bd6 10. c3 Bd7 11. Bd3 Rd8 12. a4 O-O 13. h4 cxd4 14. exd4 Ne4 15.
O-O Be8 16. Qg4 Qc7 17. Bc2 Kh8 18. f3 Nf6 19. Qh3 Nh5 20. Bh2 f6 21. f4 fxe5
22. fxe5 Be7 23. g4 Qc4 24. Rxf8+ Bxf8 25. Qf3 Be7 26. gxh5 b5 27. Rf1 Kg8 28.
b3 Qc7 29. Qd3 g6 30. Qh3 Kg7 31. Qxe6 Bxh4 32. Qf6+ 1-0

[Event "UzChess Cup Masters 2024"]
[Site "Tashkent UZB"]
[Date "2024.06.06"]
[Round "1.2"]
[White "Yu, Yangyi"]
[Black "Sindarov, Javokhir"]
[Result "1/2-1/2"]
[WhiteTitle "GM"]
[BlackTitle "GM"]
[WhiteElo "2715"]
[BlackElo "2668"]
[WhiteFideId "8603820"]
[BlackFideId "14205483"]
[EventDate "2024.06.06"]

1. d4 Nf6 2. c4 e6 3. Nc3 d5 4. cxd5 exd5 5. Bg5 Be7 6. e3 O-O 7. Bd3 Re8 8.
Nge2 c6 9. O-O a5 10. Rc1 Na6 11. Kh1 Nc7 12. Bh4 Ne6 13. a4 Bd7 14. f3 Rc8 15.
Qb3 Nh5 16. Bf2 Bb4 17. Bb1 g6 18. Rcd1 Nc7 19. e4 Be6 20. Qc2 f5 21. e5 f4 22.
Qb3 Rb8 23. Na2 Be7 24. Nac1 Rf8 25. Be1 b6 26. Qc3 Bd7 27. Nd3 Ne6 28. b4 axb4
29. Nxb4 Rc8 30. Rc1 Rf7 31. Qb3 Bf8 32. Bd3 Nhg7 33. Bd2 Bxb4 34. Qxb4 c5 35.
Qa3 Ra8 36. a5 c4 37. Bc2 1/2-1/2

[Event "UzChess Cup Masters 2024"]
[Site "Tashkent UZB"]
[Date "2024.06.06"]
[Round "1.3"]
[White "Rapport, Richard"]
[Black "Yakubboev, Nodirbek"]
[Result "1/2-1/2"]
[WhiteTitle "GM"]
[BlackTitle "GM"]
[WhiteElo "2715"]
[BlackElo "2634"]
[WhiteFideId "738590"]
[BlackFideId "14203987"]
[EventDate "2024.06.06"]

1. e4 c5 2. Nf3 d6 3. Bc4 Nf6 4. d3 e6 5. O-O a6 6. Nbd2 Nc6 7. a4 Be7 8. Re1
O-O 9. c3 Bd7 10. Nf1 Na5 11. Ba2 b5 12. axb5 axb5 13. Bb1 Nc6 14. Rxa8 Qxa8 15.
d4 cxd4 16. cxd4 Qa1 17. N1d2 Nb4 18. Re3 Ra8 19. Ne1 Qa4 20. Qe2 Rc8 21. Ra3
Rxc1 22. Rxa4 bxa4 23. h3 Nc6 24. d5 Nd4 25. Qe3 e5 26. Kh2 h6 27. Nef3 Bd8 28.
Bd3 Bb6 29. Nc4 Nxf3+ 30. Qxf3 Bc5 31. Qe2 h5 32. Qd2 Ra1 33. Qc2 Bb4 34. Nd2
Bc5 35. Nf3 a3 36. bxa3 Rxa3 37. Bc4 g6 38. Ng5 Nh7 39. Nf3 Nf6 1/2-1/2

[Event "UzChess Cup Masters 2024"]
[Site "Tashkent UZB"]
[Date "2024.06.06"]
[Round "1.4"]
[White "Vidit, Santosh Gujrathi"]
[Black "Mamedyarov, Shakhriyar"]
[Result "1/2-1/2"]
[WhiteTitle "GM"]
[BlackTitle "GM"]
[WhiteElo "2721"]
[BlackElo "2734"]
[WhiteFideId "5029465"]
[BlackFideId "13401319"]
[EventDate "2024.06.06"]

1. e4 e5 2. Nf3 Nc6 3. Bb5 a6 4. Ba4 Nge7 5. c3 Ng6 6. Bb3 h6 7. d4 d6 8. Be3
Qf6 9. g3 Na5 10. Nbd2 Bg4 11. h3 Nxb3 12. axb3 Bd7 13. h4 exd4 14. Bxd4 Ne5 15.
Bxe5 dxe5 16. Nc4 O-O-O 17. Nfxe5 Bc5 18. f4 Be6 19. Qf3 Rhe8 20. Nd3 Ba7 21.
O-O-O Bxc4 1/2-1/2

[Event "UzChess Cup Masters 2024"]
[Site "Tashkent UZB"]
[Date "2024.06.06"]
[Round "1.5"]
[White "Grischuk, Alexander"]
[Black "Sarana, Alexey"]
[Result "0-1"]
[WhiteTitle "GM"]
[BlackTitle "GM"]
[WhiteElo "2719"]
[BlackElo "2712"]
[WhiteFideId "4126025"]
[BlackFideId "24133795"]
[EventDate "2024.06.06"]

1. e4 c5 2. Nc3 d6 3. d4 cxd4 4. Qxd4 Nc6 5. Qd2 g6 6. b3 Bh6 7. f4 Nf6 8. Bb2
O-O 9. O-O-O a5 10. a4 Nb4 11. Kb1 Qb6 12. Nf3 Bg4 13. Bc4 Rac8 14. h3 Bxf3 15.
gxf3 Nh5 16. Ne2 Rfd8 17. Bd4 Qc6 18. c3 Na6 19. Be3 Nc5 20. Bb5 Qc7 21. Ka2 e6
22. Rhg1 Qe7 23. h4 d5 24. e5 Bf8 25. Qb2 Ng7 26. Nd4 h5 27. Rd2 Nf5 28. Nxf5
exf5 29. Rgd1 Qxh4 30. Rxd5 Rxd5 31. Rxd5 Qg3 32. Qe2 Ne6 33. Bc4 Rd8 34. Rxd8
Nxd8 35. Bb6 Ne6 36. Bxe6 fxe6 37. Qc4 Qg2+ 38. Kb1 Ba3 39. Qxe6+ Kh7 0-1

[Event "UzChess Cup Masters 2024"]
[Site "Tashkent UZB"]
[Date "2024.06.07"]
[Round "2.1"]
[White "Mamedyarov, Shakhriyar"]
[Black "Abdusattorov, Nodirbek"]
[Result "1/2-1/2"]
[WhiteTitle "GM"]
[BlackTitle "GM"]
[WhiteElo "2734"]
[BlackElo "2766"]
[WhiteFideId "13401319"]
[BlackFideId "14204118"]
[EventDate "2024.06.06"]

1. d4 d5 2. c4 dxc4 3. Nf3 Nf6 4. e3 e6 5. Bxc4 a6 6. O-O Be7 7. Qe2 b5 8. Bd3
Nbd7 9. Rd1 Bb7 10. a4 O-O 11. axb5 axb5 12. Rxa8 Qxa8 13. Bxb5 c5 14. Nc3 cxd4
15. exd4 Rd8 16. Ng5 Nf8 17. f3 h6 18. Nge4 Nxe4 19. fxe4 Ng6 20. Bc4 Bb4 21. d5
Bxc3 22. bxc3 1/2-1/2

[Event "UzChess Cup Masters 2024"]
[Site "Tashkent UZB"]
[Date "2024.06.07"]
[Round "2.2"]
[White "Sarana, Alexey"]
[Black "Maghsoodloo, Parham"]
[Result "0-1"]
[WhiteTitle "GM"]
[BlackTitle "GM"]
[WhiteElo "2712"]
[BlackElo "2733"]
[WhiteFideId "24133795"]
[BlackFideId "12539929"]
[EventDate "2024.06.06"]

1. d4 Nf6 2. c4 e6 3. Nc3 Bb4 4. Nf3 b6 5. e3 O-O 6. Bd3 d5 7. O-O Re8 8. Ne5
Ba6 9. cxd5 exd5 10. Bxa6 Nxa6 11. Qa4 Qc8 12. Bd2 c5 13. Rac1 Qb7 14. Rfd1 Bxc3
15. Bxc3 b5 16. Qa5 c4 17. b3 Re6 18. f3 Nc7 19. Be1 Nfe8 20. Qd2 Rd8 21. Bg3 f6
22. Ng4 h5 23. Nf2 Rc6 24. Qc2 Ne6 25. bxc4 bxc4 26. Rb1 Rb6 27. Rxb6 axb6 28.
Rb1 b5 29. Nd1 N6c7 30. Qb2 Qa6 31. Nc3 Qe6 32. Re1 Qc6 33. Qb4 Kf7 34. h4 Rd7
35. Rb1 Qe6 36. Bf4 Nd6 37. Qc5 Nb7 38. Qa7 Nd6 39. Qb6 Nf5 40. Qc5 Nxh4 41. e4
b4 42. Qxb4 dxe4 43. Bxc7 exf3 44. Bg3 Nxg2 45. Qc5 Kg6 46. d5 Qg4 47. Kf2 h4
48. Bh2 Qf5 49. Qxc4 Re7 50. Rc1 Rb7 51. Nb5 Ne3 52. Kxe3 Re7+ 53. Kd2 Re2+ 54.
Kc3 Rxh2 55. Qd3 Rxa2 56. d6 f2 57. Qxf5+ Kxf5 58. d7 Ra8 59. Nd6+ Ke6 60. Nc8
Ra3+ 61. Kd2 Kxd7 62. Nb6+ Ke6 63. Nc4 Ra2+ 64. Kd3 g5 65. Ne3 f5 66. Nf1 g4 67.
Ke3 g3 68. Kf3 f4 69. Rb1 Ra3+ 0-1

[Event "UzChess Cup Masters 2024"]
[Site "Tashkent UZB"]
[Date "2024.06.07"]
[Round "2.3"]
[White "Yakubboev, Nodirbek"]
[Black "Vidit, Santosh Gujrathi"]
[Result "1-0"]
[WhiteTitle "GM"]
[BlackTitle "GM"]
[WhiteElo "2634"]
[BlackElo "2721"]
[WhiteFideId "14203987"]
[BlackFideId "5029465"]
[EventDate "2024.06.06"]

1. d4 d5 2. c4 dxc4 3. e4 b5 4. a4 c6 5. axb5 cxb5 6. b3 e5 7. dxe5 Bb4+ 8. Bd2
Bc5 9. Nf3 Nc6 10. Nc3 Bg4 11. Nxb5 Nxe5 12. Bxc4 Nf6 13. h3 Bxf2+ 14. Kxf2
Nxe4+ 15. Ke3 Bxf3 16. gxf3 Nxd2 17. Qxd2 Qg5+ 18. f4 Nxc4+ 19. bxc4 Qg3+ 20.
Ke4 O-O 21. Nc3 Rac8 22. Kd4 Rfd8+ 23. Nd5 Qb3 24. Rac1 f5 25. Rhe1 Rd6 26. Re5
Kh8 27. Qc3 Qa2 28. Qc2 Qa3 29. Rce1 Rdd8 30. Qc3 Qa2 31. Kd3 Qg2 32. Qd2 Qxh3+
33. Qe3 Qh5 34. Re7 h6 35. Qg3 Rg8 36. Rg1 Rb8 37. Rxg7 Rb3+ 38. Nc3 Rd8+ 39.
Kc2 Rxc3+ 40. Kxc3 1-0

[Event "UzChess Cup Masters 2024"]
[Site "Tashkent UZB"]
[Date "2024.06.07"]
[Round "2.4"]
[White "Sindarov, Javokhir"]
[Black "Rapport, Richard"]
[Result "1/2-1/2"]
[WhiteTitle "GM"]
[BlackTitle "GM"]
[WhiteElo "2668"]
[BlackElo "2715"]
[WhiteFideId "14205483"]
[BlackFideId "738590"]
[EventDate "2024.06.06"]

1. e4 c5 2. Nf3 d6 3. d4 cxd4 4. Nxd4 Nf6 5. Nc3 Nc6 6. Bc4 Qb6 7. Ndb5 a6 8.
Be3 Qa5 9. Nd4 e6 10. f3 Be7 11. Bb3 Nd7 12. O-O Nc5 13. f4 Bd7 14. f5 O-O-O 15.
fxe6 fxe6 16. Bxe6 Nxe6 17. Nb3 Qc7 18. Nd5 Qb8 19. Nb6+ Kc7 20. Nd5+ Kc8 21.
Na5 Bg5 22. Nb6+ Kc7 23. Nd5+ Kc8 24. Nb6+ Kc7 25. Nd5+ 1/2-1/2

[Event "UzChess Cup Masters 2024"]
[Site "Tashkent UZB"]
[Date "2024.06.07"]
[Round "2.5"]
[White "Grischuk, Alexander"]
[Black "Yu, Yangyi"]
[Result "1/2-1/2"]
[WhiteTitle "GM"]
[BlackTitle "GM"]
[WhiteElo "2719"]
[BlackElo "2715"]
[WhiteFideId "4126025"]
[BlackFideId "8603820"]
[EventDate "2024.06.06"]

1. d4 Nf6 2. Bf4 e6 3. e3 c5 4. Nd2 Be7 5. c3 O-O 6. h3 Nc6 7. Ngf3 d5 8. Bd3
Bd6 9. Ne5 Qc7 10. Ndf3 Ne4 11. O-O f6 12. Nxc6 Bxf4 13. Ne7+ Qxe7 14. exf4 Qc7
15. Qc1 b6 16. Qe3 Nd6 17. Rad1 a5 18. Rfe1 Re8 19. Qe2 Bb7 20. Nd2 Rad8 21. Qh5
g6 22. Qh4 Kg7 23. Nf1 Nf5 24. Bxf5 exf5 25. Qg3 Kf7 26. Nd2 a4 27. Rc1 Qd6 28.
Qf3 Bc6 29. a3 Bb5 30. g3 Rc8 31. Rxe8 Rxe8 32. Qd1 Qd7 33. Nf1 Be2 34. Qd2 Bxf1
35. Rxf1 Re4 36. Rd1 Kg7 37. Kg2 cxd4 38. cxd4 Qb5 39. Qc3 Qc4 40. Qxc4 dxc4 41.
d5 Kf7 42. d6 Ke8 43. d7+ Kd8 44. Rd6 b5 45. Rb6 c3 46. bxc3 1/2-1/2

[Event "UzChess Cup Masters 2024"]
[Site "Tashkent UZB"]
[Date "2024.06.08"]
[Round "3.1"]
[White "Abdusattorov, Nodirbek"]
[Black "Yakubboev, Nodirbek"]
[Result "1/2-1/2"]
[WhiteTitle "GM"]
[BlackTitle "GM"]
[WhiteElo "2766"]
[BlackElo "2634"]
[WhiteFideId "14204118"]
[BlackFideId "14203987"]
[EventDate "2024.06.06"]

1. e4 e5 2. Nf3 Nc6 3. Bb5 a6 4. Ba4 Nf6 5. O-O Nxe4 6. d4 b5 7. Bb3 d5 8. dxe5
Be6 9. c3 Be7 10. h3 O-O 11. Bc2 f6 12. exf6 Bxf6 13. Nbd2 Bf5 14. Nxe4 Bxe4 15.
Re1 Bxc2 16. Qxc2 d4 17. Rd1 Qe7 18. a4 dxc3 19. bxc3 Qc5 20. Ba3 Qxc3 21. Qa2+
Qc4 22. Bxf8 Bxa1 23. Qxa1 Rxf8 24. axb5 axb5 25. Rd7 Rf7 26. Qa8+ Rf8 27. Qa1
Rf7 28. Qa8+ Rf8 29. Qa3 b4 30. Qa1 Rf7 31. Qa8+ Rf8 32. Qa1 Rf7 33. Qa8+ Rf8
34. Qa1 1/2-1/2

[Event "UzChess Cup Masters 2024"]
[Site "Tashkent UZB"]
[Date "2024.06.08"]
[Round "3.2"]
[White "Yu, Yangyi"]
[Black "Sarana, Alexey"]
[Result "1-0"]
[WhiteTitle "GM"]
[BlackTitle "GM"]
[WhiteElo "2715"]
[BlackElo "2712"]
[WhiteFideId "8603820"]
[BlackFideId "24133795"]
[EventDate "2024.06.06"]

1. e4 c5 2. Nf3 e6 3. d4 cxd4 4. Nxd4 Nf6 5. Nc3 Nc6 6. Ndb5 Bb4 7. a3 Bxc3+ 8.
Nxc3 d5 9. Bd3 dxe4 10. Nxe4 Nxe4 11. Bxe4 Qxd1+ 12. Kxd1 Bd7 13. f3 O-O-O 14.
Ke1 e5 15. Kf2 Nd4 16. Be3 Bf5 17. Bxd4 Bxe4 18. Bxe5 Bxc2 19. Rhc1 Rd2+ 20. Ke1
Rhd8 21. Bf4 Rxg2 22. Kf1 Rdd2 23. Bxd2 Rxd2 24. Kg1 Kd7 25. b4 Ba4 26. Rc3 Bc6
27. Re1 Rd5 28. Kf2 a6 29. Ree3 Rf5 30. h4 Bb5 31. Re4 Bc6 32. Rd4+ Kc7 33. Re3
Kb6 34. Kg3 f6 35. Rf4 Rh5 36. Rg4 g6 37. Re6 Kb5 38. Rxf6 Ka4 39. b5+ Kxb5 40.
Rff4 Kc5 41. Rg5+ Rxg5+ 42. hxg5 b5 43. Kf2 a5 44. Ke3 b4 45. axb4+ axb4 46. Kd3
Bd5 47. Rf8 Bb7 48. Rf7 Bd5 49. Rf8 Bb7 50. f4 Ba6+ 51. Kd2 Kd4 52. Rb8 Ke4 53.
Rxb4+ Kf3 54. f5 gxf5 55. Rh4 f4 56. Rxh7 Ke4 57. g6 1-0

[Event "UzChess Cup Masters 2024"]
[Site "Tashkent UZB"]
[Date "2024.06.08"]
[Round "3.3"]
[White "Rapport, Richard"]
[Black "Grischuk, Alexander"]
[Result "1/2-1/2"]
[WhiteTitle "GM"]
[BlackTitle "GM"]
[WhiteElo "2715"]
[BlackElo "2719"]
[WhiteFideId "738590"]
[BlackFideId "4126025"]
[EventDate "2024.06.06"]

1. e4 e5 2. Nf3 Nc6 3. Bc4 Bc5 4. c3 Nf6 5. d3 O-O 6. Bg5 Be7 7. O-O d6 8. a4
Kh8 9. a5 a6 10. Qb3 Nh5 11. Be3 f5 12. exf5 Rxf5 13. Nbd2 Nf4 14. Bxf4 Rxf4 15.
Rfe1 Qf8 16. Re3 Rb8 17. g3 Rf5 18. Bd5 Bd7 19. Qc4 Rc8 20. Be4 Rh5 21. h4 Qg8
22. Bd5 Qf8 23. Qb3 Nd8 24. Qd1 Bc6 25. Bb3 Rh6 26. d4 Nf7 27. Ba4 Bxa4 28. Qxa4
g5 29. dxe5 gxh4 30. e6 Ne5 31. Nxe5 dxe5 32. Rf3 1/2-1/2

[Event "UzChess Cup Masters 2024"]
[Site "Tashkent UZB"]
[Date "2024.06.08"]
[Round "3.4"]
[White "Vidit, Santosh Gujrathi"]
[Black "Sindarov, Javokhir"]
[Result "1/2-1/2"]
[WhiteTitle "GM"]
[BlackTitle "GM"]
[WhiteElo "2721"]
[BlackElo "2668"]
[WhiteFideId "5029465"]
[BlackFideId "14205483"]
[EventDate "2024.06.06"]

1. Nf3 Nf6 2. c4 e6 3. d4 d5 4. Nc3 c6 5. e3 Nbd7 6. Bd3 dxc4 7. Bxc4 b5 8. Bd3
b4 9. Ne4 Nxe4 10. Bxe4 Bb7 11. Nd2 Be7 12. O-O Ba6 13. Re1 Rc8 14. a3 Bb5 15.
axb4 Bxb4 16. Rxa7 c5 1/2-1/2

[Event "UzChess Cup Masters 2024"]
[Site "Tashkent UZB"]
[Date "2024.06.08"]
[Round "3.5"]
[White "Maghsoodloo, Parham"]
[Black "Mamedyarov, Shakhriyar"]
[Result "1/2-1/2"]
[WhiteTitle "GM"]
[BlackTitle "GM"]
[WhiteElo "2733"]
[BlackElo "2734"]
[WhiteFideId "12539929"]
[BlackFideId "13401319"]
[EventDate "2024.06.06"]

1. d4 Nf6 2. Nf3 g6 3. Bg5 Bg7 4. Nbd2 c5 5. Bxf6 Bxf6 6. Ne4 Qb6 7. Nxf6+ Qxf6
8. e4 Nc6 9. c3 cxd4 10. cxd4 Qf4 11. Bd3 O-O 12. Qd2 Qxd2+ 13. Kxd2 d5 14. Rhc1
Rd8 15. exd5 Nb4 16. Be4 Nxd5 17. Bxd5 Rxd5 18. Rc7 Bg4 19. Ke3 Bxf3 20. Kxf3 b6
21. Rxe7 Rxd4 22. Rc1 Rd3+ 23. Ke2 Rad8 24. Re8+ Rxe8+ 25. Kxd3 1/2-1/2

[Event "UzChess Cup Masters 2024"]
[Site "Tashkent UZB"]
[Date "2024.06.09"]
[Round "4.1"]
[White "Sindarov, Javokhir"]
[Black "Abdusattorov, Nodirbek"]
[Result "1-0"]
[WhiteTitle "GM"]
[BlackTitle "GM"]
[WhiteElo "2668"]
[BlackElo "2766"]
[WhiteFideId "14205483"]
[BlackFideId "14204118"]
[EventDate "2024.06.06"]

1. e4 c5 2. Nf3 d6 3. d4 cxd4 4. Nxd4 Nf6 5. Bc4 g6 6. Nc3 Bg7 7. Be3 O-O 8. f3
Nc6 9. Qd2 Bd7 10. h4 h5 11. Bb3 a5 12. a4 Ne5 13. O-O-O Rc8 14. Kb1 Nc4 15.
Bxc4 Rxc4 16. b3 Rc8 17. Ndb5 Kh7 18. Bd4 Ne8 19. g4 Bxb5 20. Nxb5 Bxd4 21. Nxd4
Nf6 22. gxh5 Nxh5 23. Rhg1 Rc5 24. Rg5 Rxg5 25. hxg5 Qc7 26. Nb5 Qc5 27. Qxa5
Rc8 28. Qd2 Nf4 29. Na7 Rc7 30. Nb5 Rc8 31. Na7 Rc7 32. Re1 Kg8 33. e5 dxe5 34.
Nb5 Rc8 35. b4 Qc4 36. Rxe5 Ne6 37. Kb2 Ra8 38. Qc3 Qf4 39. a5 Rd8 40. Re4 Qxg5
41. Nd4 Nf8 42. Nb3 Ne6 43. Nd4 Nxd4 44. Rxd4 Ra8 45. Rd7 Qb5 46. Rxe7 b6 47.
Rb7 Qe8 48. Rxb6 Rc8 49. Qd4 Qe2 50. Qe4 Qd2 51. Qd3 Qg5 52. Rd6 Rb8 53. c3 Qxa5
54. Qd5 1-0

[Event "UzChess Cup Masters 2024"]
[Site "Tashkent UZB"]
[Date "2024.06.09"]
[Round "4.2"]
[White "Sarana, Alexey"]
[Black "Mamedyarov, Shakhriyar"]
[Result "1-0"]
[WhiteTitle "GM"]
[BlackTitle "GM"]
[WhiteElo "2712"]
[BlackElo "2734"]
[WhiteFideId "24133795"]
[BlackFideId "13401319"]
[EventDate "2024.06.06"]

1. d4 Nf6 2. c4 c6 3. Nc3 d5 4. Nf3 dxc4 5. a4 Bf5 6. e3 e6 7. Bxc4 Bb4 8. O-O
O-O 9. h3 h6 10. Qe2 Bh7 11. Bd2 a5 12. Ne5 c5 13. dxc5 Nbd7 14. Nxd7 Nxd7 15.
Rfd1 Nxc5 16. e4 Rc8 17. Be3 Qe7 18. f3 Rfd8 19. Rxd8+ Rxd8 20. Na2 Nxa4 21. Bb5
Nc5 22. Nxb4 axb4 23. Qc4 Na6 24. Bb6 Ra8 25. Rd1 Bg6 26. Rd7 Qf6 27. Bd4 Qf4
28. b3 Bh5 29. Rxb7 Bxf3 30. Qf1 Qxe4 31. Rd7 Nc7 32. Bd3 Qc6 33. Rxc7 Qxc7 34.
Qxf3 Qc1+ 35. Bf1 Rd8 36. Qe3 Qd1 37. Be5 Rd7 38. Bb2 Qd6 39. Bc4 Qd1+ 40. Kh2
Qd2 41. Qxd2 Rxd2 42. Bc1 Rd6 43. Be3 Rc6 44. Bd2 Rb6 45. Kg3 g5 46. Kg4 Kg7 47.
Kh5 f6 48. Be1 Kh7 49. Bf2 Rc6 50. Be3 Kg7 51. g3 Rxc4 52. bxc4 b3 53. Bd4 e5
54. Bc3 f5 55. Bxe5+ Kf8 56. h4 g4 57. c5 Ke7 58. c6 Kd8 59. Bd4 Kc7 60. Kxh6
Kxc6 61. Kg5 Kd5 62. Bb2 Ke4 63. h5 f4 64. Kxg4 f3 65. h6 f2 66. h7 f1=Q 67.
h8=Q Qd1+ 68. Kh4 Qh1+ 69. Kg5 1-0

[Event "UzChess Cup Masters 2024"]
[Site "Tashkent UZB"]
[Date "2024.06.09"]
[Round "4.3"]
[White "Yakubboev, Nodirbek"]
[Black "Maghsoodloo, Parham"]
[Result "1-0"]
[WhiteTitle "GM"]
[BlackTitle "GM"]
[WhiteElo "2634"]
[BlackElo "2733"]
[WhiteFideId "14203987"]
[BlackFideId "12539929"]
[EventDate "2024.06.06"]

1. d4 Nf6 2. c4 e6 3. Nf3 Be7 4. Nc3 O-O 5. e4 d5 6. cxd5 exd5 7. e5 Ne4 8. Bd3
Nxc3 9. bxc3 c5 10. Qc2 h6 11. Qd1 Nc6 12. O-O Qa5 13. Bd2 cxd4 14. cxd4 Bb4 15.
Be3 f6 16. exf6 Rxf6 17. Ne5 Ne7 18. g4 Bd6 19. f4 Rf8 20. f5 Nc6 21. Ng6 Re8
22. Qf3 Qd8 23. h4 Bc7 24. Kh1 Nb4 25. Bb1 b6 26. g5 Ba6 27. f6 gxf6 28. gxf6
Bxf1 29. f7+ Kg7 30. fxe8=N+ Qxe8 31. Nf4 Kh8 32. Bg6 Qe7 33. Qh5 Kg7 34. Ne6+
Qxe6 35. Qxh6+ 1-0

[Event "UzChess Cup Masters 2024"]
[Site "Tashkent UZB"]
[Date "2024.06.09"]
[Round "4.4"]
[White "Grischuk, Alexander"]
[Black "Vidit, Santosh Gujrathi"]
[Result "1/2-1/2"]
[WhiteTitle "GM"]
[BlackTitle "GM"]
[WhiteElo "2719"]
[BlackElo "2721"]
[WhiteFideId "4126025"]
[BlackFideId "5029465"]
[EventDate "2024.06.06"]

1. d4 d5 2. Nf3 Nf6 3. Bf4 Bf5 4. c4 e6 5. Qb3 Bd6 6. Bxd6 cxd6 7. cxd5 Nxd5 8.
Nbd2 Bg4 9. e3 Bxf3 10. Nxf3 Qa5+ 11. Nd2 Nd7 12. Bb5 Rd8 13. Rc1 Ke7 14. Qa4 1/2-1/2

[Event "UzChess Cup Masters 2024"]
[Site "Tashkent UZB"]
[Date "2024.06.09"]
[Round "4.5"]
[White "Yu, Yangyi"]
[Black "Rapport, Richard"]
[Result "1/2-1/2"]
[WhiteTitle "GM"]
[BlackTitle "GM"]
[WhiteElo "2715"]
[BlackElo "2715"]
[WhiteFideId "8603820"]
[BlackFideId "738590"]
[EventDate "2024.06.06"]

1. e4 c5 2. Nf3 d6 3. d4 cxd4 4. Nxd4 Nf6 5. Nc3 Nc6 6. Bc4 Qb6 7. Nxc6 bxc6 8.
Bb3 g6 9. Be3 Qb4 10. O-O Bg7 11. Bd4 O-O 12. a3 Qa5 1/2-1/2

[Event "UzChess Cup Masters 2024"]
[Site "Tashkent UZB"]
[Date "2024.06.10"]
[Round "5.1"]
[White "Abdusattorov, Nodirbek"]
[Black "Grischuk, Alexander"]
[Result "1-0"]
[WhiteTitle "GM"]
[BlackTitle "GM"]
[WhiteElo "2766"]
[BlackElo "2719"]
[WhiteFideId "14204118"]
[BlackFideId "4126025"]
[EventDate "2024.06.06"]

1. e4 e5 2. Nf3 Nc6 3. Bc4 Bc5 4. c3 Nf6 5. d3 O-O 6. Nbd2 d6 7. b4 Bb6 8. a4 a5
9. b5 Ne7 10. O-O Ng6 11. d4 Bg4 12. Qc2 Qd7 13. Re1 Rfe8 14. Bb2 Nf4 15. Bf1
Bh5 16. h3 Rad8 17. Kh2 h6 18. g3 Ne6 19. Bg2 Ng5 20. Nxg5 hxg5 21. Nc4 exd4 22.
cxd4 Bg6 23. Rad1 g4 24. d5 gxh3 25. Nxb6 cxb6 26. Bxh3 Qe7 27. Qc3 Qf8 28. f3
Nd7 29. Bxd7 Rxd7 30. g4 Rc8 31. Qd4 Rdc7 32. Rc1 Rxc1 33. Rxc1 Rxc1 34. Bxc1
Qc8 35. Bb2 f6 36. g5 Kf7 37. gxf6 Qh8+ 38. Kg3 gxf6 39. Qxb6 Qb8 40. Qxa5 Bh5
41. Kf2 1-0

[Event "UzChess Cup Masters 2024"]
[Site "Tashkent UZB"]
[Date "2024.06.10"]
[Round "5.2"]
[White "Rapport, Richard"]
[Black "Sarana, Alexey"]
[Result "1/2-1/2"]
[WhiteTitle "GM"]
[BlackTitle "GM"]
[WhiteElo "2715"]
[BlackElo "2712"]
[WhiteFideId "738590"]
[BlackFideId "24133795"]
[EventDate "2024.06.06"]

1. e4 c5 2. c3 d5 3. exd5 Qxd5 4. Nf3 Nf6 5. d4 e6 6. Na3 Nc6 7. Be3 a6 8. Bc4
Qf5 9. Bd3 Qd5 10. Bc4 Qf5 11. Bd3 Qd5 12. Nc4 cxd4 13. cxd4 Bb4+ 14. Kf1 Qd8
15. h4 b5 16. Nce5 Bb7 17. Rh3 Nd5 18. Bg5 Be7 19. Nxc6 Bxc6 20. Ne5 Bb7 21. Qg4
Nf6 22. Qe2 Qd5 23. Rg3 Rc8 24. Re1 h6 25. Bd2 g5 26. hxg5 hxg5 27. Kg1 g4 28.
Nxg4 Nxg4 29. Rxg4 Bd6 30. f3 Qh5 31. Bg6 Qh2+ 32. Kf2 Bd5 33. Be4 Bxa2 34. Bb7
f5 35. Bxc8 fxg4 36. Qe4 Bg3+ 37. Ke3 Bxe1 38. Bxe1 gxf3 39. Qc6+ Kf7 40. Qxf3+
Kg6 41. Qg4+ Kf6 42. Qf3+ Kg5 43. Bb7 Qg1+ 44. Ke2 Bc4+ 45. Kd1 Qxd4+ 46. Bd2+
Kg6 47. Be4+ Kg7 48. Qg4+ Kf8 49. Qf4+ Ke7 50. Qc7+ Kf6 51. Qf4+ Ke7 52. Qc7+
Kf6 1/2-1/2

[Event "UzChess Cup Masters 2024"]
[Site "Tashkent UZB"]
[Date "2024.06.10"]
[Round "5.3"]
[White "Vidit, Santosh Gujrathi"]
[Black "Yu, Yangyi"]
[Result "1/2-1/2"]
[WhiteTitle "GM"]
[BlackTitle "GM"]
[WhiteElo "2721"]
[BlackElo "2715"]
[WhiteFideId "5029465"]
[BlackFideId "8603820"]
[EventDate "2024.06.06"]

1. d4 Nf6 2. Nf3 d5 3. c3 a5 4. Bf4 Bf5 5. Nbd2 e6 6. Qb3 b6 7. Qa4+ c6 8. Ne5
b5 9. Qd1 a4 10. e3 Nfd7 11. g4 Bg6 12. Nxg6 hxg6 13. e4 Nb6 14. Bd3 N8d7 15.
Qe2 Nc4 16. Rb1 Be7 17. exd5 exd5 18. Nf3 O-O 19. O-O Bd6 20. Bg5 Nf6 21. Ne5
Bxe5 22. dxe5 Re8 23. f4 Qb6+ 24. Kh1 Ne4 25. Bxe4 dxe4 26. Rfe1 e3 27. Rbd1 Qc5
28. Rd4 Re6 29. Bh4 Rae8 30. Rd3 f6 31. b3 axb3 32. axb3 Nb6 33. Qxe3 1/2-1/2